Sports Quiz

Random Sports Quiz

Chelsea Squad Numbers 2011/12 Quiz Stats

 Plays Quiz not verified by Sporcle

Score 0/29 Timer 10:00
0 Plays Today
Player Number % Correct
Drogba11
90.1%
Mikel12
88.7%
Terry26
85.9%
Cahill24
83.1%
Malouda15
81.7%
Kalou21
81.7%
Turnbull22
80.3%
Jose Bosingwa17
80.3%
Mata10
80.3%
Sturridge23
80.3%
Ferreira19
78.9%
Meireles16
78.9%
Hilario40
77.5%
McEachran20
77.5%
Lukaku18
77.5%
Player Number % Correct
Bertrand34
73.2%
Hutchinson27
71.8%
Piazon35
71.8%
Chalobah45
64.8%
Blackman46
63.4%
Ramires7
52.1%
Lampard8
52.1%
Cech1
50.7%
Ivanovic2
50.7%
A.Cole3
50.7%
David Luiz4
50.7%
Essien5
50.7%
Torres9
50.7%
Romeu6
49.3%

You're not logged in!

Compare scores with friends on all Sporcle quizzes.
OR
Log In

Show Comments

Extras

Created Feb 22, 2012ReportNominate
Tags:2011, Chelsea, squad

Top Quizzes Today


Score Distribution

Your Account Isn't Verified!

In order to create a playlist on Sporcle, you need to verify the email address you used during registration. Go to your Sporcle Settings to finish the process.

Report this User

Report this user for behavior that violates our Community Guidelines.

Details: